000 01240nam a2200337 a 4500
001 000109540
003 CHAP
005 20220329144054.0
008 140508s2013 mx a sm |||||||spa d
010 _a106002
011 _a106974
040 _cCHAP
090 _aTesis
100 1 _aRuiz Pascual, Moisés Alejandro
_9126776
245 1 0 _aHumedades artificiales para el tratamiento de aguas residuales domesticas
_h[En línea]
_cpor Moisés Alejandro Ruiz Pascual.
260 _aChapingo, Méx. :
_bEl autor,
_c2013.
500 _aPara ver el contenido del material haga clic en la liga
502 _aTesis (Ing. Agr. Forestal) -- UACH. División de Ciencias Forestales
590 _aBATCH-UPD
_b05
_c20140508
_lUCH01
_h1449
590 _aBATCH-UPD
_b05
_c20141002
_lUCH01
_h0903
590 _aE5652GLJ
_b05
_c20140508
_lUCH01
_h1228
590 _aE5652GLJ
_b05
_c20140508
_lUCH01
_h1228
590 _aE5652GLJ
_b05
_c20140508
_lUCH01
_h1449
650 1 4 _aAgua
_xContaminación.
_92351
650 1 4 _aAguas residuales
_92583
650 1 4 _aPlantas para tratamiento de agua
_xDiseño y construcción.
_9126800
856 _aFinding aid
_uhttp://10.13.5.2/tesis/sist109540.pdf
_zTeclea aquí
901 _aBK
942 _cTESIS
942 _n0
999 _c106002
_d106002